02187nam a2200337 a 4500001001200000003000800012006001900020007001500039008004100054010001700095020002900112020002700141040002100168035002100189050002300210082001600233245017700249260003500426300002400461490006300485504005100548520079100599533015201390650002201542655002901564700002301593700002601616710001701642830006401659856012601723ebr10506257CaPaEBRm u cr cn|||||||||110311s2011 njuad sb 001 0 eng d z 2011010949 z9780470406908 (hardback) z9780470929414 (e-book) aCaPaEBRcCaPaEBR a(OCoLC)75915253214aQD569b.C38 2011eb04a541/.3722200aCatalysis in electrochemistryh[electronic resource] :bfrom fundamental aspects to strategies for fuel cell development /cedited by Elizabeth Santos, Wolfgang Schmickler. aHoboken, N.J. :bWiley,c2011. axiv, 516 p. :bill.1 aWiley series on electrocatalysis and electrochemistry ;v3 aIncludes bibliographical references and index. a"Catalysis in Electrochemistry: From Fundamental Aspects to Strategies for Fuel Cell Development is a modern, comprehensive reference work on catalysis in electrochemistry, including principles, methods, strategies, and applications. It points out differences between catalysis at gas/surfaces and electrochemical interfaces, along with the future possibilities and impact of electrochemical science on energy problems. This book contributes both to fundamental science; experience in the design, preparation, and characterization of electrocatalytic materials; and the industrial application of electrocatalytic materials for electrochemical reactions. This is an essential resource for scientists globally in academia, industry, and government institutions."--cProvided by publisher. aElectronic reproduction.bPalo Alto, Calif. :cebrary,d2013.nAvailable via World Wide Web.nAccess may be limited to ebrary affiliated libraries. 0aElectrocatalysis. 7aElectronic books.2local1 aSantos, Elizabeth.1 aSchmickler, Wolfgang.2 aebrary, Inc. 0aWiley series on electrocatalysis and electrochemistry ;v3.40uhttp://site.ebrary.com/lib/rucke/Doc?id=10506257zAn electronic book accessible through the World Wide Web; click to view